Marks of the Evil One- Ghost - Statistics

General Stats
  • This quiz has been taken 45 times
  • The average score is 170 of 210
Answer Stats
Answer % Correct
everywhere
100%
evil
100%
marks
100%
of
100%
on
100%
One
100%
one
100%
spreading
100%
the
100%
The
100%
There!
100%
there
100%
There
100%
there!
100%
a
92%
A
92%
are
92%
an
83%
and
83%
And
83%
Black,
83%
From
83%
hand
83%
him
83%
his
83%
in
83%
Red,
83%
rider
83%
Rides
83%
rides
83%
second
83%
steed,
83%
steed
83%
third
83%
white,
83%
be
75%
cool,
75%
death,
75%
follows
75%
fourth
75%
Hades
75%
Here
75%
hocus
75%
is
75%
joins,
75%
looks
75%
Pale,
75%
scales
75%
Some
75%
sword,
75%
they
75%
abracadabra
67%
come x3
67%
crawling
67%
Fall
67%
fucking
67%
has
67%
It's
67%
just
67%
lair
67%
no
67%
pocus
67%
serpent's
67%
they're
67%
to
67%
us,
67%
us
67%
Watch,
67%
wears
67%
but
58%
crown,
58%
hide
58%
pair
58%
sun
58%
tyrant
58%
When
58%
when
58%
ancient
50%
bow
50%
conquering
50%
Disciples
50%
dream
50%
eclipses
50%
enthroned
50%
Like
50%
mongering
50%
Satanically
50%
sky
50%
swinging
50%
who
50%
As
42%
nothing
42%
seen
42%
through
42%
tomorrow
42%
up
42%
falling
33%
if
33%
sham
33%
plowing
25%
seals
17%
No matching quizzes found
Score Distribution
Percent of People with Each Score
Percentile by Number Answered
Your Score History
You have not taken this quiz